[Event "World Senior 65+ 2014"]
[Site "Katerini GRE"]
[Date "2014.10.29"]
[Round "6.1"]
[White "Vaisser, Anatoly"]
[Black "Balashov, Yuri S"]
[Result "1/2-1/2"]
[WhiteTitle "GM"]
[BlackTitle "GM"]
[WhiteElo "2531"]
[BlackElo "2429"]
[WhiteFideId "603252"]
[BlackFideId "4100263"]
[EventDate "2014.10.24"]

1. d4 Nf6 2. c4 e6 3. Nc3 Bb4 4. e3 O-O 5. Ne2 d5 6. a3 Be7 7. cxd5 exd5 8. g3
c6 9. Bg2 a5 10. O-O Na6 11. f3 Nc7 12. e4 dxe4 13. fxe4 c5 14. d5 Ng4 15. h3
Ne5 16. a4 Bd6 17. b3 b6 18. Be3 Ba6 19. Qc2 1/2-1/2

[Event "World Senior 65+ 2014"]
[Site "Katerini GRE"]
[Date "2014.10.29"]
[Round "6.2"]
[White "Kupreichik, Viktor D"]
[Black "Zhelnin, Vladimir V"]
[Result "1/2-1/2"]
[WhiteTitle "GM"]
[BlackTitle "IM"]
[WhiteElo "2405"]
[BlackElo "2471"]
[WhiteFideId "13500066"]
[BlackFideId "4105567"]
[EventDate "2014.10.24"]

1. d4 Nf6 2. c4 d6 3. Nc3 e5 4. Nf3 Nbd7 5. e4 Be7 6. Be2 O-O 7. O-O c6 8. Re1
Re8 9. b3 a6 10. Bb2 Bf8 11. Qc2 Qc7 12. Rac1 g6 13. Bf1 Bg7 14. Rcd1 b5 15. b4 1/2-1/2

[Event "World Senior 65+ 2014"]
[Site "Katerini GRE"]
[Date "2014.10.29"]
[Round "6.3"]
[White "Gergel, Vladimir P"]
[Black "Suba, Mihai"]
[Result "0-1"]
[WhiteTitle "FM"]
[BlackTitle "GM"]
[WhiteElo "2202"]
[BlackElo "2341"]
[WhiteFideId "14100550"]
[BlackFideId "1203363"]
[EventDate "2014.10.24"]

1. e4 c5 2. Nf3 d6 3. d4 Nf6 4. Nc3 cxd4 5. Nxd4 e6 6. Bc4 Be7 7. Bb3 Na6 8. f4
Nc5 9. Qf3 a5 10. a4 O-O 11. Be3 e5 12. Nf5 Bxf5 13. exf5 Nxb3 14. cxb3 Qd7 15.
fxe5 dxe5 16. O-O Qc6 17. Qe2 Bc5 18. Kh1 Bxe3 19. Qxe3 Rfe8 20. Rac1 Rad8 21.
h3 e4 22. Nb5 Qd7 23. Rc2 Qd3 24. Qxd3 exd3 25. Rcc1 Re2 26. Kg1 Rxb2 27. Rb1
Rxb1 28. Rxb1 d2 29. Rd1 Ne4 30. Kf1 Rd3 31. Ke2 Rxb3 32. Ra1 h5 33. h4 Kf8 34.
Rg1 Ke7 35. g4 hxg4 36. h5 Kf6 37. Ra1 Rh3 38. Rg1 Kxf5 0-1

[Event "World Senior 65+ 2014"]
[Site "Katerini GRE"]
[Date "2014.10.29"]
[Round "6.4"]
[White "Vasiukov, Evgeni"]
[Black "Van Riemsdijk, Herman C."]
[Result "1/2-1/2"]
[WhiteTitle "GM"]
[BlackTitle "IM"]
[WhiteElo "2448"]
[BlackElo "2339"]
[WhiteFideId "4100522"]
[BlackFideId "2100053"]
[EventDate "2014.10.24"]

1. e4 e5 2. Nf3 Nc6 3. Bc4 Bc5 4. c3 Nf6 5. d3 a6 6. O-O Ba7 7. d4 Nxe4 8. dxe5
O-O 9. Bd5 Nc5 10. Bg5 Qe8 11. Re1 Ne7 12. c4 c6 13. Be4 Nxe4 14. Rxe4 Ng6 15.
Nc3 b5 16. Be3 bxc4 17. Bxa7 Rxa7 18. Qd4 Rb7 19. Nd2 c5 20. Qxc5 Rxb2 21. Nxc4
Rb8 22. Nd6 Qe6 23. f4 f5 24. Rb4 Rxb4 25. Qxb4 a5 26. Qd4 Ne7 27. Rb1 g5 28.
fxg5 Nc6 29. Qc5 Qxe5 30. Qxe5 Nxe5 31. Rb5 Nf7 32. Nxf5 Nxg5 33. Ne7+ Kf7 34.
Nxc8 Rxc8 35. Rxg5 Rxc3 36. Rxa5 Rc2 37. a4 Ra2 38. h4 d5 39. Rxd5 Rxa4 40. g3
Ra2 41. Rf5+ Kg6 42. Rg5+ Kf6 43. Rg4 Rb2 44. Rf4+ Kg6 45. g4 Ra2 46. Rb4 Rc2
47. Rb6+ Kg7 48. Rb4 Kg6 49. Re4 Ra2 50. Rc4 Rb2 51. Rc6+ Kg7 52. Rc4 Kg6 53.
Kh1 Ra2 54. Rd4 Rb2 55. Ra4 Rc2 56. Ra6+ Kg7 57. Ra7+ Kg6 58. Ra6+ Kg7 59. Ra7+
Kg6 60. Ra6+ 1/2-1/2

[Event "World Senior 65+ 2014"]
[Site "Katerini GRE"]
[Date "2014.10.29"]
[Round "6.5"]
[White "Rooze, Jan"]
[Black "Singer, Hans"]
[Result "0-1"]
[WhiteTitle "IM"]
[BlackTitle "FM"]
[WhiteElo "2341"]
[BlackElo "2207"]
[WhiteFideId "200050"]
[BlackFideId "1600800"]
[EventDate "2014.10.24"]

1. e4 e5 2. Nf3 Nc6 3. Bc4 Be7 4. O-O Nf6 5. d3 O-O 6. Bb3 d6 7. c3 Nd7 8. d4
Bf6 9. Be3 g6 10. Nbd2 Bg7 11. Re1 Nf6 12. h3 Qe7 13. a3 h6 14. Bc2 a5 15. Rc1
Bd7 16. Nf1 Rfd8 17. Ng3 Be8 18. c4 exd4 19. Nxd4 Nxd4 20. Bxd4 Bc6 21. Qd2 Qf8
22. Re3 Re8 23. Rce1 Nd7 24. Bxg7 Qxg7 25. Nf5 Qf8 26. Rg3 Kh7 27. Nd4 Nc5 28.
Nxc6 bxc6 29. f4 Qg7 30. b4 axb4 31. axb4 Ne6 32. e5 dxe5 33. Rxe5 Qf6 34. Qe3
Ng7 35. Rf3 Kg8 36. Qc3 Re6 37. c5 Rae8 38. Bb3 R6e7 39. Rfe3 Kh7 40. Qe1 Nf5
41. R3e4 Rxe5 42. fxe5 Qg7 43. Qa1 h5 44. Ba4 Ra8 45. Qd1 Re8 46. Qe1 Re6 47. g4
hxg4 48. hxg4 Kg8 49. Bb3 Re7 50. Kf1 Qh6 51. gxf5 Qh3+ 52. Kg1 Qxb3 53. Rd4 Re8
54. fxg6 fxg6 55. Rg4 Qe6 56. Qe4 Kg7 57. Rg5 Rd8 58. Qg4 Qxg4+ 59. Rxg4 Rd5 60.
Re4 Kf7 61. e6+ Ke7 62. Rg4 g5 63. Re4 Rf5 64. Kg2 Rf4 65. Re5 g4 66. Rg5 Kxe6
67. Rg7 Rxb4 68. Rxc7 Kd5 69. Kg3 Kxc5 70. Rc8 Re4 71. Rc7 Kb5 0-1

[Event "World Senior 65+ 2014"]
[Site "Katerini GRE"]
[Date "2014.10.29"]
[Round "6.6"]
[White "Zakharov, Alexander"]
[Black "Agzamov, Valeriy"]
[Result "1-0"]
[WhiteTitle "IM"]
[WhiteElo "2331"]
[BlackElo "2191"]
[WhiteFideId "4103564"]
[BlackFideId "14200449"]
[EventDate "2014.10.24"]

1. e4 e5 2. Nf3 Nc6 3. Bb5 a6 4. Ba4 Nf6 5. O-O Be7 6. d3 b5 7. Bb3 d6 8. a3 O-O
9. Nc3 Be6 10. Nd5 Na5 11. Nxf6+ Bxf6 12. Bxe6 fxe6 13. Bd2 Nb7 14. b4 Qd7 15.
Qe2 c5 16. h3 Rfc8 17. Be3 Bd8 18. c3 Bb6 19. Rfd1 Nd8 20. bxc5 Bxc5 21. d4 exd4
22. cxd4 Ba7 23. d5 e5 24. Rdc1 Bxe3 25. Qxe3 Nb7 26. Qb6 Nc5 27. Nxe5 Qd8 28.
Qxd8+ Rxd8 29. Nc6 Re8 30. e5 Nb3 31. exd6 Nxa1 32. d7 Rf8 33. Rxa1 Rfd8 34.
Nxd8 Rxd8 35. f4 Rxd7 36. Rd1 Kf7 37. Kf2 Ke7 38. Re1+ Kd6 39. Re6+ Kxd5 40.
Rxa6 g6 41. Kf3 Rc7 42. Kg4 Rc2 43. g3 Rc3 44. Kh4 Ke4 45. Ra7 Kf3 46. Rxh7 Rxa3
47. Rb7 Ra8 48. Kg5 Kxg3 49. Rxb5 Rf8 50. Rb3+ Kg2 51. h4 Rf5+ 52. Kg4 Kf2 53.
Rb6 Ke3 54. Re6+ 1-0

[Event "World Senior 65+ 2014"]
[Site "Katerini GRE"]
[Date "2014.10.29"]
[Round "6.7"]
[White "Frumson, Yury"]
[Black "Pritchett, Craig W"]
[Result "0-1"]
[WhiteTitle "FM"]
[BlackTitle "IM"]
[WhiteElo "2179"]
[BlackElo "2315"]
[WhiteFideId "4116402"]
[BlackFideId "2400065"]
[EventDate "2014.10.24"]

1. Nf3 Nf6 2. g3 b6 3. Bg2 Bb7 4. O-O c5 5. c4 e6 6. Nc3 Be7 7. Re1 d6 8. e4 a6
9. d3 O-O 10. h3 Nc6 11. Nh2 Rb8 12. f4 Nd4 13. Ne2 Nxe2+ 14. Qxe2 b5 15. Bd2
Ba8 16. Bc3 b4 17. Bd2 a5 18. Rad1 Nd7 19. Ng4 h5 20. Nf2 h4 21. gxh4 Bxh4 22.
Rf1 Bf6 23. Be3 Bd4 24. Bxd4 cxd4 25. Ng4 f5 26. exf5 exf5 27. Bxa8 Rxa8 28.
Qe6+ Kh7 29. Nh2 Nc5 30. Qd5 Qh4 31. Qxd4 Rf6 32. Rd2 Qg3+ 33. Rg2 Qxd3 34. Qxd3
Nxd3 35. Nf3 Re8 36. Ng5+ Kh6 37. h4 Re3 38. Kh2 Kh5 39. Rf3 Rxf3 40. Nxf3 g6
41. Rg5+ Kh6 42. Kg3 Nxb2 43. h5 Nxc4 44. Nh4 gxh5 45. Nxf5+ Kh7 46. Rxh5+ Kg6
47. Rg5+ Kf7 48. Kf3 a4 49. Ne3 Nd2+ 50. Ke2 Ne4 51. Ra5 Rxf4 52. Nd5 Nc3+ 53.
Nxc3 bxc3 54. Ra7+ Ke6 55. Rc7 Rb4 56. Kd3 Rb2 57. a3 c2 58. Rxc2 Rxc2 59. Kxc2
Kd5 60. Kc3 Ke4 61. Kb4 d5 62. Kxa4 d4 63. Kb3 Ke3 0-1

[Event "World Senior 65+ 2014"]
[Site "Katerini GRE"]
[Date "2014.10.29"]
[Round "6.8"]
[White "Peretz, Malkiel"]
[Black "Skalkotas, Nikolaos"]
[Result "1/2-1/2"]
[WhiteTitle "FM"]
[BlackTitle "IM"]
[WhiteElo "2240"]
[BlackElo "2150"]
[WhiteFideId "2800446"]
[BlackFideId "4200144"]
[EventDate "2014.10.24"]

1. e4 c5 2. Nf3 Nc6 3. d4 cxd4 4. Nxd4 Qc7 5. Nc3 e6 6. Be2 a6 7. O-O Nf6 8. Be3
Bb4 9. Na4 b5 10. Nxc6 dxc6 11. Nb6 Rb8 12. Nxc8 Rxc8 13. Bd3 Bd6 14. f4 Qe7 15.
Kh1 e5 16. f5 c5 17. c4 O-O 18. Bg5 Qd8 19. Be2 Rb8 20. Qc2 Be7 21. Bxf6 Bxf6
22. cxb5 axb5 23. a4 bxa4 24. Rxa4 Qb6 25. Rb1 Bg5 26. Bc4 Qh6 27. Ra6 Rb6 28.
Rxb6 Qxb6 29. Rd1 Be3 30. Bd5 1/2-1/2

[Event "World Senior 65+ 2014"]
[Site "Katerini GRE"]
[Date "2014.10.29"]
[Round "6.9"]
[White "Serra Olives, Tomas"]
[Black "Lederman, Leon"]
[Result "0-1"]
[WhiteTitle "FM"]
[BlackTitle "IM"]
[WhiteElo "2156"]
[BlackElo "2233"]
[WhiteFideId "2203774"]
[BlackFideId "2800403"]
[EventDate "2014.10.24"]

1. e4 c5 2. Nf3 d6 3. d4 cxd4 4. Nxd4 Nf6 5. Nc3 a6 6. Be3 e5 7. Nb3 Be6 8. Qd2
Nbd7 9. f3 h5 10. Qf2 Qc7 11. O-O-O Be7 12. Kb1 b5 13. h3 b4 14. Nd5 Bxd5 15.
exd5 Bd8 16. Be2 Qb7 17. f4 a5 18. Rhe1 a4 19. Nc1 Ne4 20. Qf3 Nc3+ 21. bxc3
bxc3+ 22. Nb3 axb3 23. axb3 Qb4 0-1

[Event "World Senior 65+ 2014"]
[Site "Katerini GRE"]
[Date "2014.10.29"]
[Round "6.10"]
[White "Batakovs, Olegs"]
[Black "Kolbak, Jens"]
[Result "1/2-1/2"]
[WhiteElo "2098"]
[BlackElo "2232"]
[WhiteFideId "11600888"]
[BlackFideId "1400339"]
[EventDate "2014.10.24"]

1. e4 e5 2. Nf3 Nc6 3. Bb5 Bc5 4. Bxc6 dxc6 5. O-O Bg4 6. d3 Qe7 7. h3 Bh5 8.
Qe2 O-O-O 9. Be3 Nf6 10. Nbd2 Nd7 11. Nb3 Bxe3 12. Qxe3 c5 13. a4 f6 14. a5 Bf7
15. Ra3 g5 16. Re1 Rhg8 17. Nh2 h5 18. Nf1 h4 19. Qe2 Be6 20. f3 Nb8 21. Qf2 Na6
22. Ne3 Rge8 23. Re2 Kb8 24. Qe1 Rd7 25. Qc3 Red8 26. Re1 Rd4 27. Re2 R4d7 1/2-1/2

[Event "World Senior 65+ 2014"]
[Site "Katerini GRE"]
[Date "2014.10.29"]
[Round "6.11"]
[White "Kratschmer, Heinz"]
[Black "Klundt, Klaus"]
[Result "1/2-1/2"]
[BlackTitle "IM"]
[WhiteElo "2109"]
[BlackElo "2325"]
[WhiteFideId "1606670"]
[BlackFideId "4600436"]
[EventDate "2014.10.24"]

1. d4 Nf6 2. Nf3 g6 3. Nc3 d5 4. Bf4 Bg7 5. e3 O-O 6. Be2 c5 7. Ne5 Nc6 8. Qd2
cxd4 9. exd4 Bf5 10. f3 Rc8 11. g4 Be6 12. O-O-O Qa5 13. Kb1 Nd7 14. Nxd7 Bxd7
15. Be3 Rfd8 16. Bb5 Nb4 17. Bxd7 Rxd7 18. a3 Nc6 19. Ne2 Qb6 20. h4 Na5 21. Qb4
Qc7 22. c3 Nc4 23. Bf4 Qc6 24. h5 a5 25. Qb3 b5 26. hxg6 fxg6 27. Nc1 g5 28. Bd2
e5 29. dxe5 Nxe5 30. Qc2 Qg6 31. Qxg6 hxg6 32. Bxg5 Nxf3 33. Bh6 b4 34. Bxg7
Kxg7 35. axb4 axb4 36. Rd3 Ne5 37. Rdh3 bxc3 38. bxc3 Kf6 39. Rg3 Kg5 40. Ne2
Rb7+ 41. Kc2 Ra8 42. Kd2 Ra2+ 43. Ke3 Nc4+ 44. Kf2 Rf7+ 45. Rf3 Re7 46. Re1 Ne5
47. Rg3 Nxg4+ 48. Kf1 Kh4 49. Rd3 g5 50. Rd4 Re6 51. c4 Re4 52. Rxe4 dxe4 53.
Nc3 Nh2+ 54. Kg1 Nf3+ 55. Kf1 Nd2+ 56. Ke2 Rc2 57. Nxe4 Nxe4+ 58. Kd3 Rc3+ 59.
Kd4 g4 60. Rxe4 Rc1 61. c5 Kh3 62. Kd5 g3 63. Re3 Kh2 64. Rxg3 Kxg3 65. c6 Kf4
66. Kd6 Rd1+ 67. Ke7 Ke5 68. c7 Rh1 69. c8=Q Rh7+ 70. Kd8 Rh8+ 71. Kc7 Rxc8+ 72.
Kxc8 1/2-1/2

[Event "World Senior 65+ 2014"]
[Site "Katerini GRE"]
[Date "2014.10.29"]
[Round "6.12"]
[White "Meizlin, Yaacov"]
[Black "Pushkov, Nikolai"]
[Result "1/2-1/2"]
[BlackTitle "GM"]
[WhiteElo "2105"]
[BlackElo "2306"]
[WhiteFideId "2812185"]
[BlackFideId "4117131"]
[EventDate "2014.10.24"]

1. e4 e6 2. d4 d5 3. exd5 exd5 4. Bd3 c5 5. dxc5 Bxc5 6. Ne2 Nf6 7. O-O O-O 8.
Bg5 h6 9. Bh4 Nc6 10. Nbc3 Be6 11. Kh1 g5 12. Bg3 Nh5 13. Ng1 g4 14. Nge2 Qg5
15. Qc1 Nxg3+ 16. Nxg3 Ne5 17. Qxg5+ hxg5 18. Bf5 Nc4 19. Na4 Bd6 20. b3 Nd2 21.
Rfd1 Bxg3 22. hxg3 Bxf5 23. Rxd2 f6 24. Nc3 Rac8 25. Nxd5 Rxc2 26. Rxc2 Bxc2 27.
Ne3 Be4 28. Nxg4 Kf7 29. Ne3 Rc8 30. Rd1 Rc7 31. Kg1 b5 32. g4 a5 33. f3 Bb7 34.
Kf2 Ke6 35. Rd2 b4 36. Rc2 Rxc2+ 37. Nxc2 Kd5 38. Ke3 Bc8 39. Nd4 Bd7 40. Kd3 1/2-1/2

[Event "World Senior 65+ 2014"]
[Site "Katerini GRE"]
[Date "2014.10.29"]
[Round "6.13"]
[White "Savolainen, Lev P."]
[Black "Filipenko, Alexander V"]
[Result "0-1"]
[WhiteTitle "FM"]
[BlackTitle "IM"]
[WhiteElo "2083"]
[BlackElo "2292"]
[WhiteFideId "4135792"]
[BlackFideId "4104471"]
[EventDate "2014.10.24"]

1. d4 d5 2. c4 c6 3. Nc3 Nf6 4. Bg5 dxc4 5. Nf3 b5 6. a4 b4 7. Nb1 h6 8. Bh4 e6
9. e3 c3 10. bxc3 bxc3 11. Bc4 Ba6 12. Qd3 Bxc4 13. Qxc4 Qd5 14. Qd3 Ne4 15. O-O
Bb4 16. Ne5 O-O 17. f3 Nc5 18. Qc4 Qxc4 19. Nxc4 Nb3 20. Ra2 Na6 21. Be1 c5 22.
dxc5 Rfc8 23. Bxc3 Bxc3 24. Nxc3 Rxc5 25. Rb1 Nd4 26. exd4 Rxc4 27. Nb5 Nb4 28.
Rab2 Nc6 29. a5 a6 30. Nc7 Ra7 31. Rb7 Rxb7 32. Rxb7 Nxa5 33. Rb8+ Kh7 34. Nxa6
Rxd4 35. Rb2 Nc4 36. Rb4 Rd1+ 37. Kf2 Rc1 38. Ke2 Ne5 39. Re4 Nc6 40. Nb4 f5 0-1

[Event "World Senior 65+ 2014"]
[Site "Katerini GRE"]
[Date "2014.10.29"]
[Round "6.14"]
[White "Zhelesny, Stanislav"]
[Black "Wahlbom, Magnus"]
[Result "1/2-1/2"]
[WhiteTitle "FM"]
[WhiteElo "2083"]
[BlackElo "2283"]
[WhiteFideId "4115244"]
[BlackFideId "1700685"]
[EventDate "2014.10.24"]

1. Nf3 Nf6 2. g3 b6 3. Bg2 Bb7 4. d3 g6 5. O-O Bg7 6. c4 O-O 7. Bg5 d6 8. Qc1
Re8 9. Nc3 Nbd7 10. b4 c5 11. a3 Rc8 12. b5 Qc7 13. Bd2 e6 14. e4 d5 15. exd5
exd5 16. Bf4 Qd8 17. Ra2 Ba8 18. Re2 Rxe2 19. Nxe2 1/2-1/2

[Event "World Senior 65+ 2014"]
[Site "Katerini GRE"]
[Date "2014.10.29"]
[Round "6.15"]
[White "Baeta, Marcio Netto"]
[Black "Malisov, Boris"]
[Result "0-1"]
[WhiteElo "2074"]
[BlackElo "2250"]
[WhiteFideId "2112744"]
[BlackFideId "2802503"]
[EventDate "2014.10.24"]

1. e4 c5 2. Nf3 g6 3. d4 Bg7 4. dxc5 Qa5+ 5. c3 Qxc5 6. Be3 Qc7 7. Bd4 Nf6 8. e5
Ng4 9. e6 f6 10. Bb5 O-O 11. h3 Nh6 12. exd7 Nxd7 13. Qb3+ Kh8 14. g4 a6 15. Bc4
Nc5 16. Qc2 Ne6 17. Nbd2 Nxd4 18. Nxd4 b5 19. Bd5 Rb8 20. O-O-O Rb6 21. Rde1 e5
22. N4f3 Qc5 23. Qd3 Rd8 24. Nb3 Qxd5 25. Qe3 Rbd6 0-1

[Event "World Senior 65+ 2014"]
[Site "Katerini GRE"]
[Date "2014.10.29"]
[Round "6.16"]
[White "Reynolds, D Ian W"]
[Black "Vogel, Jaap"]
[Result "1-0"]
[BlackTitle "FM"]
[WhiteElo "2006"]
[BlackElo "2239"]
[WhiteFideId "410705"]
[BlackFideId "1000764"]
[EventDate "2014.10.24"]

1. e4 e6 2. d4 d5 3. Nd2 Nf6 4. e5 Nfd7 5. Bd3 c5 6. c3 Nc6 7. Ne2 cxd4 8. cxd4
f6 9. exf6 Nxf6 10. Nf3 Bd6 11. O-O Qc7 12. Bg5 O-O 13. Rc1 Bd7 14. Qc2 h6 15.
Bh4 Qb6 16. a3 Be8 17. Bg3 Bxg3 18. hxg3 Bh5 19. Rcd1 Bxf3 20. gxf3 e5 21. Kg2
Nxd4 22. Nxd4 exd4 23. Rh1 Rac8 24. Qd2 Nd7 25. Rh5 Qf6 26. f4 Nb6 27. Bb1 g5
28. Rdh1 gxf4 29. Rxh6 f3+ 30. Kg1 Qe5 31. R1h5 Nc4 32. Rxe5 Nxd2 33. Bf5 Rc1+
34. Kh2 Kg7 35. Rh7+ Kf6 36. Rxd5 Rf1 37. g4 Rxf2+ 38. Kg3 Rg2+ 39. Kf4 Rf7 40.
Rd6+ Ke7 41. Rd7+ Ke8 42. Rdxf7 f2 43. Bd3 f1=Q+ 44. Bxf1 Rf2+ 45. Ke5 Rxf7 46.
Bb5+ Ke7 47. Rxf7+ Kxf7 48. Kxd4 Ke7 49. Bd3 Kd6 50. Ke3 Nb3 51. Kf4 Nc5 52. Bc4
a6 53. b4 Nd7 54. g5 b5 55. Bb3 Ne5 56. Kf5 Nc4 57. Bxc4 1-0

[Event "World Senior 65+ 2014"]
[Site "Katerini GRE"]
[Date "2014.10.29"]
[Round "6.17"]
[White "Malmdin, Nils-Ake"]
[Black "Morriss, Pete"]
[Result "0-1"]
[WhiteTitle "FM"]
[WhiteElo "2208"]
[BlackElo "2032"]
[WhiteFideId "1701584"]
[BlackFideId "2500230"]
[EventDate "2014.10.24"]

1. e4 c6 2. d4 d5 3. e5 c5 4. dxc5 Nc6 5. Bb5 e6 6. Be3 Ne7 7. c3 Nf5 8. Bd4 Be7
9. Nf3 O-O 10. O-O Bd7 11. a4 Rc8 12. Bxc6 bxc6 13. b4 Rb8 14. Na3 a5 15. Rb1
Qc7 16. g4 Nxd4 17. Qxd4 f6 18. Nc2 Be8 19. Rb2 Bg6 20. Re1 Be4 21. Rxe4 dxe4
22. Qxe4 Bxc5 23. Qc4 fxe5 24. Nce1 Qe7 25. Nxe5 Qd6 26. N1d3 Bb6 27. Qxc6 Qe7
28. Kg2 Rfc8 29. Qe4 Qc7 30. bxa5 Bxa5 31. Rxb8 Rxb8 32. Nc6 Re8 33. Ndb4 Bb6
34. f3 Qd6 35. Nd3 Qa3 36. Qb4 Qa2+ 37. Kg3 Bc7+ 38. Nce5 Qe2 39. Qe4 Qxe4 40.
fxe4 Ra8 0-1

[Event "World Senior 65+ 2014"]
[Site "Katerini GRE"]
[Date "2014.10.29"]
[Round "6.18"]
[White "Bibilashvili, Giorgi"]
[Black "Kronlaks, Olafs"]
[Result "1-0"]
[WhiteElo "2169"]
[BlackElo "1836"]
[WhiteFideId "13601873"]
[BlackFideId "11604077"]
[EventDate "2014.10.24"]

1. d4 e6 2. c4 Nf6 3. Nc3 Bb4 4. Bd2 O-O 5. Nf3 d5 6. e3 c5 7. a3 cxd4 8. exd4
Be7 9. c5 Nc6 10. b4 a6 11. Bd3 b6 12. O-O bxc5 13. bxc5 Qc7 14. Bg5 h6 15. Bh4
Nh5 16. Bxe7 Qxe7 17. Bc2 Nf6 18. Re1 Qc7 19. Rb1 Na5 20. Qd3 Nc4 21. Ne5 Nxa3
22. Nxd5 exd5 23. Qxa3 Rb8 24. Rxb8 Qxb8 25. Rb1 Qc7 26. f3 Nd7 27. Qd3 f5 28.
f4 Rf6 29. Qb3 Nxe5 30. fxe5 Rg6 31. Qxd5+ Be6 32. Qa8+ Kh7 33. Qf3 Qd7 34. d5 1-0

[Event "World Senior 65+ 2014"]
[Site "Katerini GRE"]
[Date "2014.10.29"]
[Round "6.19"]
[White "Koryabkin, Valery"]
[Black "Titz, Heimo"]
[Result "1-0"]
[BlackTitle "FM"]
[WhiteElo "2072"]
[BlackElo "2158"]
[WhiteFideId "24113115"]
[BlackFideId "1601520"]
[EventDate "2014.10.24"]

1. d4 Nf6 2. Nf3 e6 3. c4 c5 4. e3 d5 5. cxd5 exd5 6. Nc3 Nc6 7. Be2 Be7 8. dxc5
Bxc5 9. O-O O-O 10. a3 a6 11. Qc2 Qe7 12. b4 Bd6 13. Bb2 Be6 14. b5 Ne5 15. Nd4
Rfc8 16. Nf5 Bxf5 17. Qxf5 Qe6 18. Qb1 Nc4 19. Bxc4 Rxc4 20. bxa6 bxa6 21. Qd3
Rb8 22. Rfb1 Rxb2 23. Rxb2 Qe5 24. g3 Qxc3 25. Qxc3 Rxc3 26. Rb6 Rxa3 27. Rc1
Bf8 28. Rc8 Ra5 29. Rbb8 Nd7 30. Rb7 Nc5 31. Rbb8 Ne6 32. f4 g6 33. g4 Kg7 34.
f5 gxf5 35. gxf5 Bd6 36. fxe6 fxe6 37. Rb6 Ra1+ 38. Kg2 Ra2+ 39. Kf3 Bxh2 40.
Rxe6 Kf7 41. Rb6 Ra3 42. Rcc6 Ke7 43. Rb7+ Kd8 44. Rxh7 Bg1 1-0

[Event "World Senior 65+ 2014"]
[Site "Katerini GRE"]
[Date "2014.10.29"]
[Round "6.20"]
[White "Archangelsky, Mikhail"]
[Black "Acosta, Mariano USA"]
[Result "1/2-1/2"]
[WhiteTitle "IM"]
[WhiteElo "2149"]
[BlackElo "1942"]
[WhiteFideId "4117573"]
[BlackFideId "2008629"]
[EventDate "2014.10.24"]

1. d4 Nf6 2. Nf3 g6 3. c4 Bg7 4. Nc3 d5 5. Bf4 O-O 6. e3 c5 7. dxc5 Qa5 8. Qd2
dxc4 9. Bxc4 Qxc5 10. Bb3 Nc6 11. Rc1 Qa5 12. O-O Nh5 13. Bg5 h6 14. Bh4 g5 15.
Bg3 Rd8 16. Qe2 Nxg3 17. hxg3 Bf5 18. Rfd1 e6 19. Na4 1/2-1/2

[Event "World Senior 65+ 2014"]
[Site "Katerini GRE"]
[Date "2014.10.29"]
[Round "6.21"]
[White "Khazankin, Moisei"]
[Black "Gruzmann, Boris"]
[Result "1-0"]
[BlackTitle "FM"]
[WhiteElo "2039"]
[BlackElo "2246"]
[WhiteFideId "14115271"]
[BlackFideId "4105290"]
[EventDate "2014.10.24"]

1. e4 e5 2. Nf3 Nc6 3. Bb5 a6 4. Ba4 d6 5. c3 f5 6. exf5 Bxf5 7. O-O Bd3 8. Re1
Be7 9. Qb3 b5 10. Qd5 bxa4 11. Qxc6+ Kf8 12. Nd4 exd4 13. Qf3+ Bf6 14. Qxd3 c5
15. b3 Ne7 16. cxd4 cxd4 17. Bb2 Nc6 18. Na3 h5 19. Qe4 d5 20. Qf5 axb3 21. axb3
Rh6 22. Rac1 Ne7 23. Qf3 Qa5 24. Nc4 dxc4 25. Qxa8+ Kf7 26. bxc4 Qxd2 27. Ba3
Qg5 28. Qe4 Qf5 29. Bxe7 Qxe4 30. Rxe4 Bxe7 31. Rxd4 Rc6 32. g3 g6 33. Kf1 Bb4
34. c5 a5 35. Rd6 Rxd6 36. cxd6 Bxd6 37. Rc6 Bb4 38. h4 Be7 39. Ra6 Bb4 40. Ke2
Kg7 41. f3 Kf7 42. g4 hxg4 43. fxg4 Kg7 44. g5 Kf7 45. Kf3 Be1 46. Kg4 Bd2 47.
h5 gxh5+ 48. Kxh5 Kg7 49. Ra7+ Kg8 50. Kg6 Kf8 51. Rf7+ Ke8 52. Rf2 Bc3 53. Rc2
Bd4 54. Kh7 1-0

[Event "World Senior 65+ 2014"]
[Site "Katerini GRE"]
[Date "2014.10.29"]
[Round "6.22"]
[White "Borwell, Alan P"]
[Black "Danielsson, Robert"]
[Result "1/2-1/2"]
[WhiteElo "2032"]
[BlackElo "2115"]
[WhiteFideId "2402335"]
[BlackFideId "1711490"]
[EventDate "2014.10.24"]

1. e4 c5 2. Nf3 g6 3. c4 Bg7 4. d4 cxd4 5. Nxd4 Nc6 6. Be3 Nf6 7. Nc3 d6 8. Be2
O-O 9. Nc2 Nd7 10. Qd2 Nc5 11. Nd4 Bd7 12. O-O a5 13. Rad1 Nxd4 14. Bxd4 Bc6 15.
Bxg7 Kxg7 16. Qd4+ f6 17. f4 Qb6 18. Nd5 Bxd5 19. exd5 Nd7 20. Bg4 1/2-1/2

[Event "World Senior 65+ 2014"]
[Site "Katerini GRE"]
[Date "2014.10.29"]
[Round "6.23"]
[White "Carlsten, Peter"]
[Black "Nickl, Klaus"]
[Result "1/2-1/2"]
[WhiteElo "2031"]
[BlackElo "2113"]
[WhiteFideId "1705067"]
[BlackFideId "1601024"]
[EventDate "2014.10.24"]

1. e4 e6 2. d4 d5 3. Nc3 dxe4 4. Nxe4 Qd5 5. Nc3 Bb4 6. Qg4 Nc6 7. Nf3 Kf8 8.
Qf4 Nf6 9. Bd3 Qa5 10. Bd2 Nd5 11. Nxd5 Bxd2+ 12. Nxd2 Qxd5 13. Nf3 Qd6 14.
Qxd6+ 1/2-1/2